000 00327nam a22001337a 4500
020 _a978-0-330-44838-3
082 _a823
_bBLY/R
100 _aENID BLYTON
245 _aTHE RIVER OF ADVENTURE
260 _aLONDON
_bMACMILLAN CHILDRE'S BOOK
_c1955
300 _a225
650 _aCHILDREN'S STORY BOOK
_zUNITED KINGDOM
942 _cBK
999 _c142
_d142